Music Quiz

Random Music or Lyrics Quiz

Lyrics Madonna, Prince and George Michael Quiz Stats

 Plays Quiz not verified by Sporcle

Score 0/25 Timer 06:00
0 Plays Today
% Correct
Last Christmas
84.8%
Material Girl
83%
Like A Prayer
81.4%
Careless Whisper
78.9%
Papa Don't Preach
73.2%
Like A Virgin
70.5%
Express Yourself
69.7%
Into The Groove
69%
When Doves Cry
68.4%
Faith
65.6%
Little Red Corvette
65.3%
Raspberry Beret
65.3%
Freedom '90
64.7%
% Correct
Crazy For You
63.5%
Wake Me Up Before You Go-Go
62.5%
Vogue
62.2%
1999
60.5%
Purple Rain
56.9%
I Want Your Sex
56.5%
Ray of Light
56.4%
Open Your Heart
54.7%
Dress You Up
52.1%
Borderline
51%
Frozen
46.6%
U Got The Look
45.2%

You're not logged in!

Compare scores with friends on all Sporcle quizzes.
OR
Log In

Sporcle TV

Today on Sporcle TV


Watch our educational content, quiz creation guides, and fun videos on Sporcle TV.

Show Comments

Extras

Top Quizzes Today


Score Distribution

Your Account Isn't Verified!

In order to create a playlist on Sporcle, you need to verify the email address you used during registration. Go to your Sporcle Settings to finish the process.

Report this User

Report this user for behavior that violates our Community Guidelines.

Details: